000 00776nam a2200229Ia 4500
003 OSt
005 20220923214308.0
006 a|||||r|||| 00| 0
007 ta
008 220922b |||||||| |||| 00| 0 hin d
024 _a168,491
037 _cTextual
040 _aARTS
_cARTS
_bhin
041 _2hin
_ahin
082 _aO152,1I80,1:g, J9
100 _aपाठक, दानबहादुर; जोशी, जीवनप्रकाश
_9163310
245 0 _aजायसी और उनका पद्मावत
246 _aJāyasī aur unakā padmāvata
260 _c1959
942 _hO152,1I80,1:g, J9
_cTEXL
_2CC
999 _c322961
_d322961